000 00735nam a2200217Ia 4500
003 GCL
008 140319s9999 xx 000 0 ara d
040 _aGCL /
_cGCL
082 0 4 _a920.7
_bر ا
100 1 _aمدحت عايد فهمى
245 1 0 _aاهم ماية شخصية عالمية فى السبعينات /
_cمدحت عايد فهمى
700 1 _aروبنسون، دونالد
260 _aالقاهرة :
_bمكتبة مدبولى ،
_c1988
300 _a556 ص ؛
_c25 سم
490 _aالهيئة العامة للاستعلامات
_v0
650 0 4 _aالتراجم
650 0 4 _aالرجال - تراجم
650 0 4 _aالقادة - تراجم
650 0 4 _aالنساء - تراجم
942 _2ddc
_cBK
999 _c52085
_d52085